|
|
|
|
| LEADER |
00000nam0a2200000 4500 |
| 001 |
339984 |
| 005 |
20231102005208.0 |
| 035 |
|
|
|a (RuTPU)RU\TPU\book\366529
|
| 090 |
|
|
|a 339984
|
| 100 |
|
|
|a 20180206d1971 k y0rusy50 ca
|
| 101 |
1 |
|
|a rus
|c eng
|
| 102 |
|
|
|a RU
|
| 105 |
|
|
|a a z 001zy
|
| 200 |
1 |
|
|a Высокотермостойкие полимеры
|d High temperature resistant polymers
|e [монография]
|e пер. с англ.
|f А. Г. Фрейзер
|
| 210 |
|
|
|a Москва
|c Химия
|d 1971
|
| 215 |
|
|
|a 294 с.
|c ил.
|
| 320 |
|
|
|a Библиография в конце глав
|
| 320 |
|
|
|a Предметный указатель: с. 290-294
|
| 330 |
|
|
|a В монографин рассмотрены последние достижения в области синтеза новых термостойких, главным образом циклоцепных, полимеров и сделана попытка установить связь между строением и термической стабильностью отдельных классов полимеров этого типа. Приводятся краткие эксплуатационные характеристики некоторых полимерных материалов, содержащих ароматические и гетероциклические группировки в основной цепи и указываются их области применения. Отдельная глава посвящена синтезу неорганических полимеров. Книга предназначена для специалистов, работающих в области синтеза новых термостойких полимеров, а также для студентов и аспирантов.
|
| 510 |
1 |
|
|a High temperature resistant polymers
|z eng
|
| 606 |
1 |
|
|a Полимеры
|x Тепловые свойства
|2 stltpush
|3 (RuTPU)RU\TPU\subj\50307
|9 69013
|
| 610 |
1 |
|
|a термостойкость
|
| 610 |
1 |
|
|a свойства
|
| 610 |
1 |
|
|a изменение
|
| 610 |
1 |
|
|a ароматические полимеры
|
| 610 |
1 |
|
|a неорганические полимеры
|
| 610 |
1 |
|
|a лестничные полимеры
|
| 610 |
1 |
|
|a гетероциклы
|
| 610 |
1 |
|
|a синтез
|
| 610 |
1 |
|
|a строение
|
| 610 |
1 |
|
|a эксплуатационные характеристики
|
| 610 |
1 |
|
|a применение
|
| 610 |
1 |
|
|a монографии
|
| 675 |
|
|
|a 678.01:53
|v 4
|
| 700 |
|
1 |
|a Фрейзер
|b А. Г.
|g Август Генри
|
| 801 |
|
1 |
|a RU
|b 63413507
|c 20180206
|
| 801 |
|
2 |
|a RU
|b 63413507
|c 20191008
|g RCR
|
| 942 |
|
|
|c BK
|